000 00299nam a22001337a 4500
008 170621b xxu||||| |||| 00| 0 eng d
020 _a0837174449
041 _aeng
080 _a32
100 _a20
101 _aSHP
245 _aTHE FUTURE OF POLITICAL SCIENCE
_cLASSWELL,H.D
942 _2udc
_cBK
999 _c18434
_d18434